Smarter clicking : school technology policies that work! /

Bibliographic Details
Main Author: Wells, Christopher
Format: Book
Language:English
Published: Thousand Oaks, Calif. : Corwin, [2010]
Subjects:

MARC

Tag First Indicator Second Indicator Subfields
LEADER 00000cam a2200000 a 4500
001 in00002583421
005 20151201150804.0
008 100104s2010 cau b 001 0 eng
010 |a  2009051388 
015 |a GBB022186  |2 bnb 
016 7 |a 015483872  |2 Uk 
020 |a 9781412966993 (pbk.) 
020 |a 141296699X (pbk.) 
029 1 |a CDX  |b 10927772 
035 |a (OCoLC)ocn441135161 
035 |a (OCoLC)441135161 
040 |a DLC  |c DLC  |d YDX  |d BTCTA  |d UKM  |d YDXCP  |d IMC  |d CDX  |d BWX  |d UtOrBLW 
043 |a n-us--- 
049 |a TXAM 
050 0 0 |a LB1028.3  |b .W4 2010 
082 0 0 |a 371.33  |2 22 
100 1 |a Wells, Christopher. 
245 1 0 |a Smarter clicking :  |b school technology policies that work! /  |c Christopher Wells. 
264 1 |a Thousand Oaks, Calif. :  |b Corwin,  |c [2010] 
264 4 |c ©2010 
300 |a xv, 134 pages ;  |c 26 cm. 
336 |a text  |b txt  |2 rdacontent 
337 |a unmediated  |b n  |2 rdamedia 
338 |a volume  |b nc  |2 rdacarrier 
504 |a Includes bibliographical references and index. 
650 0 |a Educational technology  |z United States  |x Planning. 
938 |a Coutts Information Services  |b COUT  |n 10927772 
938 |a YBP Library Services  |b YANK  |n 3219101 
938 |a Blackwell Book Service  |b BBUS  |n R2843645  |c $26.95 
945 |a PromptCat  |b 975556 
946 |a stk 
947 |a A14840302203 
994 |a 92  |b TXA 
948 |a Cataloged  |b h  |c 2010/5/27  |d c  |e ibarton 
999 |a MARS 
999 f f |s 714f6944-3f83-3cda-89df-305fe9a6ce08  |i 4b601bca-d8a6-359b-b300-f8637a69e058  |t 0 
952 f f |p normal  |a Texas A&M University  |b College Station  |c Sterling C. Evans Library  |d Evans: Library Stacks  |t 0  |e LB1028.3 .W4 2010  |h Library of Congress classification  |i unmediated -- volume  |m A14840302203 
998 f f |a LB1028.3 .W4 2010  |t 0  |l Evans: Library Stacks